La Necrópolis hallstáttica de Agullana : Gerona / Pedro de Palol Gerona / Pedro de Palol
Publicado:
Madrid :
C.S.I.C. Instituto Español de Prehistoria ; Barcelona : Diputación. Servicio de Investigaciones Arqueológicas ,
1958
Descripción Física:
235 p. : il., XXIII taules, XVI làm. ; 32 cm
Colección:
Bibliotheca Praehistorica Hispana ; 1
MARC
| LEADER | 00000nam a2200000Ia 4500 | ||
|---|---|---|---|
| 001 | 8413 | ||
| 003 | BGR | ||
| 005 | 20260324175742.0 | ||
| 008 | 160829s1958 xx 000 0 cat d | ||
| 080 | |a FOL-1-51 | ||
| 100 | |a Palol, Pere de |9 19794 | ||
| 245 | |a La Necrópolis hallstáttica de Agullana : |b Gerona / Pedro de Palol | ||
| 260 | |a Madrid : |b C.S.I.C. Instituto Español de Prehistoria ; Barcelona : |b Diputación. Servicio de Investigaciones Arqueológicas, |c 1958 | ||
| 300 | |a 235 p. : |b il., XXIII taules, XVI làm. ; |c 32 cm | ||
| 490 | |a Bibliotheca Praehistorica Hispana ; 1 | ||
| 590 | |a Bibliografia | ||
| 650 | |a Agullana (Girona : Jaciment arqueològic) |9 40006 | ||
| 650 | |a Tombes |x Agullana (Girona) |9 40007 | ||
| 650 | |a Agullana (Girona) |x Arqueologia |9 40008 | ||
| 710 | 1 | |9 54957 |a Barcelona (Catalunya : Província). |b Servicio de Investigaciones Arqueológicas |e entitat editora | |
| 710 | 2 | |a Instituto Español de Prehistoria |9 71154 | |
| 901 | |a Arxiu | ||
| 942 | |n 1 |2 udc |c MON | ||
| 952 | |0 0 |1 0 |4 0 |6 FOL151 |7 1 |9 49346 |a Arxiu |b Arxiu |d 2016-12-01 |l 0 |o FOL-1-51 |p 8413 |r 2016-12-01 00:00:00 |w 2016-12-01 |y ARXIU | ||
| 999 | |c 53188 |d 53188 | ||